000
00258nam a22000977a 4500
008
221104b |||||||| |||| 00| 0 eng d
020
_a
9788175992948
100
_a
Harisinghani Ajit
_9
7617
245
_a
One Life to Ride
260
_a
New Delhi
_b
Prakash Books
_c
2021
999
_c
12131
_d
12131